[Event "Pinar del Rio Province-ch final"]
[Site "Pinar del Rio"]
[Date "2007.09.11"]
[Round "4"]
[White "Tomas, Douglas"]
[Black "Graupera Cruz, Jose Marcos"]
[Result "1-0"]
[WhiteElo "2178"]
[BlackElo "1879"]
[PlyCount "45"]
[EventDate "2007.07.11"]
[EventType "tourn"]
[EventRounds "11"]
[EventCountry "CUB"]
[SourceTitle "EXT 2019"]
[Source "ChessBase"]
[SourceDate "2018.10.10"]
[SourceVersion "1"]
[SourceVersionDate "2018.10.10"]
[SourceQuality "1"]

1. e4 c5 2. Nf3 d6 3. d4 cxd4 4. Nxd4 Nf6 5. Nc3 a6 6. Be2 e5 7. Nb3 Be7 8. 0-0 0-0 9. a4 Be6 10. f4 exf4 11. Bxf4 Nc6 12. Kh1 d5 13. e5 Ne4 14. Bd3 Rc8 15. Nd4 Qd7 16. Qh5 g6 17. Qh6 Rfd8 18. Rf3 Bf8 19. Qh4 Be7 20. Bg5 Nxd4 21. Rb1 b5 22. axb5 a5 23. Bc4 1-0

[Event "Pinar del Rio Province-ch final"]
[Site "Pinar del Rio"]
[Date "2007.09.07"]
[Round "2"]
[White "Estrella Romero, Gregorio"]
[Black "Graupera Cruz, Jose Marcos"]
[Result "1-0"]
[WhiteElo "2199"]
[BlackElo "1879"]
[PlyCount "42"]
[EventDate "2007.07.11"]
[EventType "tourn"]
[EventRounds "11"]
[EventCountry "CUB"]
[SourceTitle "EXT 2019"]
[Source "ChessBase"]
[SourceDate "2018.10.10"]
[SourceVersion "1"]
[SourceVersionDate "2018.10.10"]
[SourceQuality "1"]

1. e4 c5 2. Nf3 d6 3. d4 cxd4 4. Nxd4 Nf6 5. Nc3 a6 6. Bg5 e6 7. f4 Be7 8. Qf3 Qc7 9. 0-0-0 Nbd7 10. Bd3 h6 11. Bh4 g5 12. fxg5 Ne5 13. Qe2 Nfg4 14. Nf3 hxg5 15. Bg3 f6 16. h4 gxh4 17. Rxh4 Rxh4 18. Na4 Bd8 19. Nc3 Qb6 20. Nd5 exd5 21. a3 f5 1-0